000 00525nam a22001695i 4500
001 171430
003 ES-MaACL
005 20230906214631.0
008 090514s1977 sp |||| | spa d
080 _a929 Valentino, Rodolfo
100 1 _aFariñas, E. M.
_9140138
245 1 0 _aRodolfo Valentino /
_cHelmuth von Sohel [Seud.].
260 _a[Barcelona :
_bProducciones Editoriales,
_c1977]
300 _a87 p., 1 lám. :
_bil. ;
_c27 cm.
600 1 4 _aValentino, Rudolph.
_9140139
852 _aES-MaACL
_jA-7999
_9R.97063
999 _c171430
_d171430